| 000 | 00689nam a2200241Ia 4500 | ||
|---|---|---|---|
| 003 | OSt | ||
| 005 | 20220927105212.0 | ||
| 006 | a|||||r|||| 00| 0 | ||
| 007 | ta | ||
| 008 | 220926b |||||||| |||| 00| 0 eng d | ||
| 024 | _a159393 | ||
| 037 | _cReference Collections | ||
| 040 |
_aRTL _cRTL _beng |
||
| 041 |
_2eng _aeng |
||
| 082 | _a"W,32m2,N9, No. 2-5" | ||
| 110 |
_aINDIA _9352601 |
||
| 245 | 0 |
_aLok sabha debates _b Second session |
|
| 260 |
_aNew _bDelhi Lok Sabha Secretariat _c1990 |
||
| 500 | _a"No.5,VI,448p; No.6,IV,584p; No.7,IV,434p" | ||
| 700 |
_aINDIA _9352603 |
||
| 942 |
_h"W,32m2,N9, No. 2-5" _cCC |
||
| 999 |
_c691150 _d691150 |
||